Научно-исследовательская программа как контекстуальное пространство существования темы; Известия Томского политехнического университета [Известия ТПУ]; Т. 315, № 6: Экономика, философия, социология и культурология
| Источник: | Известия Томского политехнического университета [Известия ТПУ]/ Томский политехнический университет (ТПУ).— , 2000- Т. 315, № 6: Экономика, философия, социология и культурология.— 2009.— [С. 128-130] |
|---|---|
| Главный автор: | |
| Примечания: | Заглавие с титульного листа Электронная версия печатной публикации Анализируются принципы и основания современной философии науки, излагаются характеристики философской системы Дж. Холтона, научно-исследовательская программа представлена как контекстуальное пространство существования темы. |
| Язык: | русский |
| Опубликовано: |
2009
|
| Серии: | Философия, социология и культурология |
| Предметы: | |
| Online-ссылка: | http://www.lib.tpu.ru/fulltext/v/Bulletin_TPU/2009/v315/i6/29.pdf |
| Формат: | MixedMaterials Электронный ресурс Статья |
| Запись в KOHA: | https://koha.lib.tpu.ru/cgi-bin/koha/opac-detail.pl?biblionumber=177551 |
MARC
| LEADER | 00000nla2a2200000 4500 | ||
|---|---|---|---|
| 001 | 177551 | ||
| 005 | 20240214103541.0 | ||
| 035 | |a (RuTPU)RU\TPU\book\192489 | ||
| 035 | |a RU\TPU\book\192485 | ||
| 090 | |a 177551 | ||
| 100 | |a 20100319d2009 k y0rusy50 ca | ||
| 101 | 0 | |a rus | |
| 102 | |a RU | ||
| 135 | |a drnn ---uucaa | ||
| 181 | 0 | |a i | |
| 182 | 0 | |a b | |
| 200 | 1 | |a Научно-исследовательская программа как контекстуальное пространство существования темы |f Н. В. Погукаева | |
| 203 | |a Текст |c электронный | ||
| 215 | |a 1 файл (121 Кб) | ||
| 225 | 1 | |a Философия, социология и культурология | |
| 300 | |a Заглавие с титульного листа | ||
| 300 | |a Электронная версия печатной публикации | ||
| 320 | |a [Библиогр.: с. 130 (10 назв.)] | ||
| 330 | |a Анализируются принципы и основания современной философии науки, излагаются характеристики философской системы Дж. Холтона, научно-исследовательская программа представлена как контекстуальное пространство существования темы. | ||
| 337 | |a Adobe Reader | ||
| 461 | 1 | |0 (RuTPU)RU\TPU\book\176237 |t Известия Томского политехнического университета [Известия ТПУ] |f Томский политехнический университет (ТПУ) |d 2000- | |
| 463 | 1 | |0 (RuTPU)RU\TPU\book\192423 |x 1684-8519 |t Т. 315, № 6: Экономика, философия, социология и культурология |v [С. 128-130] |d 2009 |p 154 с. | |
| 610 | 1 | |a научно-исследовательские программы | |
| 610 | 1 | |a научная тема | |
| 610 | 1 | |a контексты | |
| 610 | 1 | |a парадигма | |
| 610 | 1 | |a труды учёных ТПУ | |
| 610 | 1 | |a электронный ресурс | |
| 700 | 1 | |a Погукаева |b Н. В. |c философ |c доцент Томского политехнического университета, кандидат философских наук |f 1980- |g Наталия Вячеславовна |3 (RuTPU)RU\TPU\pers\25849 |9 11718 | |
| 801 | 1 | |a RU |b 63413507 |c 20090623 |g PSBO | |
| 801 | 2 | |a RU |b 63413507 |c 20211220 |g PSBO | |
| 856 | 4 | |u http://www.lib.tpu.ru/fulltext/v/Bulletin_TPU/2009/v315/i6/29.pdf | |
| 942 | |c CF | ||